Brazil 2026 FIFA World Cup Squad - Statistics

General Stats
  • This quiz has been taken 5 times
  • The average score is 15 of 27
Answer Stats
Hint Answer % Correct
FW Neymar Jr.
100%
GK Alisson
80%
MF Casemiro
80%
GK Ederson
80%
MF Ederson
80%
FW Matheus Cunha
80%
FW Raphinha
80%
FW Vini Jr.
80%
DF Alex Sandro
60%
Manager Carlo Ancelotti
60%
MF Fabinho
60%
DF Gabriel
60%
FW Gabriel Martinelli
60%
FW Igor Thiago
60%
MF Lucas Paqueta
60%
DF Marquinhos
60%
GK Weverton
60%
DF Bremer
40%
MF Bruno Guimaraes
40%
DF Danilo
40%
MF Danilo
40%
DF Douglas Santos
20%
FW Endrick
20%
DF Ibanez
20%
DF Leo Pereira
20%
FW Luiz Henrique
20%
FW Rayan
0%
No matching quizzes found
Score Distribution
Percent of People with Each Score
Percentile by Number Answered
Your Score History
You have not taken this quiz